000
00289nam a2200109Ia 4500
008
230907s9999||||xx |||||||||||||| ||und||
082
_a
624.1513
_b
DAS
100
_a
Das, Braja M.,
_9
23492
245
0
_a
Principles of geotechnical engineering /
300
_a
xxiii, 819 pages ;
942
_c
BK
999
_c
599352
_d
599352